| 000 | 00665nam a2200205Ii 4500 | ||
|---|---|---|---|
| 003 | JO-AjNU | ||
| 008 | 230605s9999||||xx |||||||||||||| ||und|| | ||
| 017 | _a2009/1/46 | ||
| 040 |
_aJO-AjNU _bara _erda _cJO-AjNU |
||
| 041 | _aara | ||
| 050 | 1 | 4 | _aAC106.Z82 2009 |
| 100 | 3 |
_aالزعبي، غازي خالد, _eauthor _950205 |
|
| 245 | 0 | 0 | _aمقالات صحفية: نقدية سياسية واجتماعية |
| 264 | 3 | 1 | _aعمان: منشورات وزارة الثقافة، 2009 |
| 300 | _a146ص | ||
| 336 |
_atext _btxt _2rdacontent |
||
| 337 |
_aunmediated _bn _2rdamedia |
||
| 338 |
_avolume _bnc _2rdacarrier |
||
| 650 | 4 |
_aمقالات عربية _950206 |
|
| 999 |
_aA22101 _c25669 _d25669 |
||